Visualizzazione normale
Vista MARC
- Church property
di Topical Term
Records bibliografici associati: 1
001 - CONTROL NUMBER
- control field: 35420
003 - CONTROL NUMBER IDENTIFIER
- control field: IT-RoPau
005 - DATE AND TIME OF LATEST TRANSACTION
- control field: 20150717115158.0
008 - FIXED-LENGTH DATA ELEMENTS
- fixed length control field: 150717|| aca||aabn | a|a d
040 ## - CATALOGING SOURCE
- Original cataloging agency: IT-RoPau
- Transcribing agency: IT-RoPau
150 ## - HEADING--TOPICAL TERM
- Topical term or geographic name entry element: Church property
- General subdivision: Taxation
- Geographic subdivision: Italy.
670 ## - SOURCE DATA FOUND
- Source citation: Work cat.: (IT-RoPau)0: Maltese, Curzio, 1959- 35415, La questua :, 2008.